Stacje i przystanki M3 w Warszawie - Statystyki

Ogólne statystyki
  • Ten quiz został rozwiązany 62 razy
  • Średni wynik to 4 z 7
Statystyki odpowiedzi
Rok otwarcia Dzielnica Stacja/przystanek % Poprawnych
2015 Praga Płn. Stadion Narodowy
95%
- Praga Płd. Gocław
84%
- Praga Płn. Dworzec Wschodni
60%
- Praga Płd. Mińska
47%
- Praga Płd. Ostrobramska
47%
- Praga Płd. Rondo Wiatraczna
47%
- Praga Płd. Fieldorfa
25%
Nie znaleziono quizów pasujących do podanych kryteriów
Rozkład punktacji
Procent ludzi z każdym wynikiem
Percentyl według liczby udzielonych odpowiedzi
Twoja historia wyników
Nie rozwiązałeś tego quizu